| 000 | 00564nam a2200181 4500 | ||
|---|---|---|---|
| 001 | 111850 | ||
| 003 | ES-MaACL | ||
| 005 | 20230906185355.0 | ||
| 007 | t| | ||
| 008 | 061121s1914 sp r ||||1| spa d | ||
| 100 | 1 |
_aNatorp, Paul. _984999 |
|
| 245 | 1 | 0 |
_aReligión y humanidad / _cpor Paul Natorp ; traducción y prólogo de María de Maeztu. |
| 260 |
_aBarcelona : _b[s.n.], _c1914 ( _fTip. La Academia) |
||
| 300 |
_aXIV, 138 p. ; _c20 cm. |
||
| 700 | 1 |
_aMaeztu, María de, _d1881-1948 _975423 |
|
| 852 |
_aES-MaACL _jD-4135 |
||
| 999 |
_c111850 _d111850 |
||